Países com Mais Exportações - Statistics

Estatísticas Gerais
  • Esse quiz foi jogado 2 746 vezes
  • A pontuação média é 16 de 20
Estatísticas das Respostas
Dólares País % Correto
3698 bi China
100%
1754 bi Estados Unidos
100%
495 bi Rússia
96%
1626 bi Alemanha
95%
757 bi Japão
95%
569 bi França
94%
504 bi Canadá
93%
392 bi Espanha
92%
395 bi Índia
92%
611 bi Itália
92%
495 bi México
92%
468 bi Reino Unido
91%
346 bi Austrália
88%
644 bi Coreia do Sul
87%
692 bi Países Baixos
69%
380 bi Suíça
67%
548 bi Bélgica
64%
448 bi Taiwan
51%
407 bi Vietnã
41%
458 bi Singapura
37%
Nenhum quiz correspondente encontrado
Distribuição das Pontuações
Porcentagem de Pessoas com Cada Pontuação
Percentil de Números Respondidos
Sua Pontuação Histórica
Você não jogou esse quiz